| 000 | 00000nas##2200000za#4500 |
| 001 | 9.511968 |
| 003 | CaOODSP |
| 005 | 20200501125049 |
| 007 | ta |
| 008 | 150406c2006||||xxc|| p #||||f| |0eng|d |
| 022 | |a1917-9804 |
| 040 | |aCaOODSP|beng |
| 041 | |aeng |
| 041 | |afre |
| 043 | |an-cn--- |
| 086 | 1 |aCC402-1 |
| 110 | 2 |aCanadian Air Transport Security Authority. |
| 245 | 10|aCanadian Air Transport Security Authority, summary of the ... corporate plan, capital and operating budgets |
| 260 | |aOttawa - Ontario : |bCanadian Air Transport Security Authority |
| 310 | |aAnnual |
| 362 | 1 |a2005/06-2009/10-- |
| 500 | |aContinues: Corporate plan summary and ... capital budget and ... operating budget (ISSN 1917-9790, 2003/04-2007/08 -- 2004/05/-2008/09). |
| 776 | 0#|tSummary of the ... corporate plan, capital and operating budgets |w(CaOODSP)9.505969 |
| 792 | |tAdministration canadienne de la sûreté du transport aérien, résumé du plan d'entreprise ... et des budgets d'investissement et de fonctionnement |efre|w(CaOODSP)9.511969 |